| 000 | 00973nam a2200289 i 4500 | ||
|---|---|---|---|
| 003 | DO-SdBNP | ||
| 005 | 20260224085441.0 | ||
| 007 | ta | ||
| 008 | 110217s1990 000 spa d | ||
| 040 |
_aDO-SdBNP _bspa _cBNPHU _erda |
||
| 041 | _aspa | ||
| 082 | 4 |
_a338.97293 _bP965p _222 |
|
| 245 | 0 | 0 | _aPropuesta para el fortalecimiento de la institucionalidad democrática |
| 264 | 4 |
_aSanto Domingo : _bEdiciones de MODERNO, _c©1990. |
|
| 300 |
_a75 páginas ; _c21 cm. |
||
| 336 |
_atexto _btxt _2rdacontent |
||
| 337 |
_asin mediación _bn _2rdamedia |
||
| 338 |
_avolumen _bnc _2rdacarrier |
||
| 490 | 1 |
_aPublicaciones _v1 |
|
| 590 | _aInventariado, 2023/BT | ||
| 650 | 4 |
_aEstrategia para el desarrollo _989073 |
|
| 650 | 4 |
_aDesarrollo social _zRepública Dominicana _97783 |
|
| 650 | 4 |
_aProyecto de desarrollo económico _zRepública Dominicana _989074 |
|
| 650 | 4 |
_aPolíticas de desrrollo _zRepública Dominicana _989075 |
|
| 910 | _aBtavárez | ||
| 942 |
_2ddc _cLBS1 |
||
| 999 |
_c24976 _d24976 |
||